Les états américains - Plusieurs réponses possibles - Statistiques

Statistiques générales
  • Ce quiz a été pris 149 fois
  • Le résultat moyen est 18 sur 20
Statistiques - réponses
Un état américain... Réponse % Correct
Dont le nom commence et se termine par un A Alabama | Alaska | Arizona
100%
Dont la population est supérieure à 10 millions en 2020 Californie | Texas | Floride | New York | Pennsylvanie | Illinois | Ohio | Géorgie | Caroline du Nord
100%
Dont le nom commence et se termine par une consonne Connecticut | Caroline-du-Nord | Caroline-du-Sud | Dakota-du-Nord | Dakota-du-Sud | Kansas | Maryland | Massachusetts | Michigan | New York | Rhode Island | Texas | Vermont | Washington | Wisconsin | Wyoming
98%
Dont le nom contient un Y Wyoming | Kentucky | Maryland | New Jersey | New York | Pennsylvanie
98%
Qui sont parmi les cinq plus grands en surface Alaska | Texas | Californie | Montana | Nouveau Mexique
97%
Frontaliers du Texas Nouveau-Mexique | Oklahoma | Arkansas | Louisiane
96%
Ayant un point cardinal dans son nom Dakota-du-Nord | Dakota-du-Sud | Caroline-du-Nord | Caroline-du-Sud
94%
Dont le nom vient de la langue française Louisiane | Vermont | Maine
94%
Qui sont parmi les cinq plus petits en surface Rhode Island | Delaware | Connecticut | Hawaï | New Jersey
94%
N'ayant pas formellement choisi l'anglais comme langue officielle en 2022 Washington | Oregon | Nevada | Minnesota | Wisconsin | Michigan | Ohio | Virginie occidentale| Pennsylvanie | New-York | Vermont | Maine | Rhode Island | Connecticut | Delaware | Maryland | New Jersey | Washington DC | Nouveau-Mexique | Texas | Louisiane
94%
Dont le nom vient du nom d'une personne Caroline-du-Nord | Caroline-du-Sud | Delaware | Géorgie | Louisiane | New York | Pennsylvanie | Virginie | Virginie occidentale | Washington
93%
Contenant un redoublement de voyelle ou de consonne Connecticut | Illinois | Massachusetts | Minnesota | Mississippi | Missouri | Pennsylvanie | Tennessee | Virginie occidentale
91%
Dont le drapeau comporte au moins une étoile Alaska | Arizona | Arkansas | Californie | Caroline-du-Nord | Dakota-du-Nord | Dakota-du-Sud | Géorgie | Idaho | Illinois | Indiana | Kansas | Maine | Massachusetts | Minnesota | Mississippi | Missouri | Nevada | New Hampshire | Ohio | Oregon | Rhode Island | Tennessee | Texas | Utah
90%
Dont le nom vient de la langue espagnole Californie | Nevada | Montana | Colorado | Floride
87%
Dont le drapeau ne comporte pas de bleu Alabama | Californie | Maryland | Nouveau Mexique
83%
Ayant rejoint les Etats-Unis entre 1800 et 1820 Ohio | Louisiane | Indiana | Mississippi | Illinois | Alabama | Maine
83%
Frontaliers de la Floride Alabama | Géorgie
81%
Qui n'ont jamais changé de capitale en temps de paix Connecticut | Hawaï | Kentucky | Massachusetts | Minnesota | Nevada | Nouveau Mexique | Rhode Island | Texas | Washington | Wyoming
81%
Dont la capitale est aussi la ville la plus peuplée Géorgie | Idaho | Massachusetts | Virginie occidentale | Wyoming | Ohio | Caroline-du-Sud | Colorado | Iowa | Hawaï | Indiana | Mississippi | Wisconsin | Oklahoma | Arizona | Rhode Island
81%
Dont la capitale a un nom en plusieurs mots Louisiane | Nevada | Iowa | Missouri | Arkansas | Oklahoma | Utah | Nouveau Mexique
81%
Aucun quiz correspondant
Distribution des résultats
% des personnes avec chaque résultat
Percentile par nombre de réponses
Votre historique - résultats
Vous n’avez pas pris ce quiz